| 000 | 00441nam a22001577a 4500 | ||
|---|---|---|---|
| 003 | OSt | ||
| 005 | 20220930185616.0 | ||
| 008 | 220930b |||||||| |||| 00| 0 eng d | ||
| 040 | _cBiblioteca Lado V | ||
| 082 |
_a708 _bSE458k |
||
| 100 |
_aSeidl, Walter _ecurador |
||
| 245 | _aKontakt Belgrade/ | ||
| 260 |
_aBelgrado _bCornelia Stellwag-Carion _c2007 |
||
| 300 |
_a189p. _c11x18cm |
||
| 942 |
_2ddc _c1 _h708 _iSE458k _n0 |
||
| 999 |
_c2163 _d2163 |
||